Historia del teatro

Gorde:
Xehetasun bibliografikoak
Egile nagusia: Pignarre, R.
Formatua: Liburua
Hizkuntza:Undetermined
Argitaratua: Buenos Aires, Argentina EUDEBA 1965
Edizioa:2
Gaiak:
Etiketak: Etiketa erantsi
Etiketarik gabe, Izan zaitez lehena erregistro honi etiketa jartzen!

MARC

LEADER 00000nam a2200000Ia 4500
008 170316s9999 xx 000 0 und d
090 |a 792 P-1h 
100 |a Pignarre, R. 
245 |a Historia del teatro 
250 |a 2 
260 |a Buenos Aires, Argentina 
260 |b EUDEBA 
260 |c 1965 
300 |a 71 páginas 
650 |a TEATRO 
999 |c 19784  |d 19784 
040 |a cru BVZT 
942 |c 15 D  |h 792 P-1h  |2 z